[Event "Druga liga CS Zapad - 2017"]
[Site "Kragujevac-H"]
[Date "2017.10.06"]
[Round "?"]
[White "Marceta, Predrag"]
[Black "Stojanovic, Marko"]
[Result "1/2-1/2"]
[WhiteElo "2253"]
[BlackElo "2267"]
[PlyCount "55"]
[EventDate "2017.09.08"]

1. d4 Nf6 2. Bg5 e6 3. e4 h6 4. Bxf6 Qxf6 5. Nc3 Bb4 6. Nge2 d5 7. a3 Bxc3+ 8.
Nxc3 dxe4 9. Nxe4 Qe7 10. Qh5 Bd7 11. O-O-O Bc6 12. Bd3 Nd7 13. f4 O-O-O 14.
Qe2 Nf6 15. c3 Nxe4 16. Bxe4 Qd6 17. Rhf1 g6 18. g3 f5 19. Bc2 b6 20. Bb3 Kb8
21. Qe5 Rhe8 22. Qf6 Qe7 23. Qxe7 Rxe7 24. Rde1 Red7 25. Re5 Kb7 26. Rfe1 Be4
27. Ba4 Rd6 28. Bc2 1/2-1/2

[Event "Druga liga CS Zapad - 2017"]
[Site "Kragujevac-H"]
[Date "2017.10.06"]
[Round "?"]
[White "Bircakovic, Mile"]
[Black "Kahrovic, Mersid"]
[Result "1-0"]
[WhiteElo "2212"]
[BlackElo "2266"]
[PlyCount "67"]
[EventDate "2017.09.08"]

1. e4 Nc6 2. Nf3 e5 3. Bb5 Bc5 4. O-O Nd4 5. Nxd4 exd4 6. d3 Qe7 7. f4 c6 8.
Bc4 d6 9. a3 a5 10. Nd2 Nf6 11. e5 Ng4 12. Ne4 dxe5 13. Nxc5 Qxc5 14. fxe5 O-O
15. e6 Bxe6 16. Bxe6 Ne3 17. Bxe3 dxe3 18. d4 e2 19. dxc5 exd1=Q 20. Bxf7+ Rxf7
21. Raxd1 Re7 22. Rfe1 Rae8 23. Rxe7 Rxe7 24. Rd8+ Kf7 25. Kf2 Ke6 26. Ra8 Kd5
27. Rxa5 Kd4 28. a4 Kc4 29. Ra7 Kxc5 30. a5 Kd6 31. b4 h6 32. c4 g5 33. b5 Rc7
34. a6 1-0

[Event "Druga liga CS Zapad - 2017"]
[Site "Kragujevac-H"]
[Date "2017.10.06"]
[Round "?"]
[White "Kijanovic, Igor *"]
[Black "Ilic, Zdravko"]
[Result "0-1"]
[WhiteElo "2106"]
[BlackElo "2145"]
[PlyCount "66"]
[EventDate "2017.09.08"]

1. b3 Nf6 2. Bb2 d6 3. f4 c5 4. e3 Nc6 5. Nf3 g6 6. Bxf6 exf6 7. Bb5 Bd7 8. O-O
Bg7 9. c4 O-O 10. Nc3 f5 11. Rc1 a6 12. Bxc6 Bxc6 13. Nd5 Re8 14. Re1 Bxd5 15.
cxd5 Qa5 16. Qc2 b5 17. d3 Re7 18. e4 fxe4 19. dxe4 Qb4 20. a3 Qxa3 21. e5 Qa5
22. exd6 Rxe1+ 23. Rxe1 Bd4+ 24. Kf1 Bc3 25. Re3 b4 26. Qe2 Qd8 27. Ng5 Bf6 28.
Ne4 Bd4 29. Rh3 a5 30. Qb5 h5 31. Rd3 Qh4 32. Qb7 Re8 33. g3 Qh3+ 0-1

[Event "Druga liga CS Zapad - 2017"]
[Site "Kragujevac-H"]
[Date "2017.10.06"]
[Round "?"]
[White "Savic, Petar A"]
[Black "Brajovic, Miroljub"]
[Result "1/2-1/2"]
[WhiteElo "2078"]
[BlackElo "2086"]
[PlyCount "85"]
[EventDate "2017.09.08"]

1. e4 d5 2. exd5 Qxd5 3. Nc3 Qa5 4. d4 c6 5. Nf3 Nf6 6. h3 e6 7. Bd3 Be7 8. Qe2
O-O 9. O-O Qc7 10. Bg5 b6 11. Rfe1 a5 12. Ne4 Nd5 13. c4 Nf4 14. Bxf4 Qxf4 15.
Ng3 Ba6 16. Qc2 g6 17. Rad1 Bf6 18. Ne5 b5 19. Re4 Qh6 20. b3 Qg7 21. Qe2 b4
22. Bc2 Rd8 23. Qe3 Bb7 24. c5 Na6 25. Nc4 Nc7 26. Rg4 Nd5 27. Qf3 Be7 28. Ne2
f5 29. Rg3 Bh4 30. Ne5 Bxg3 31. Qxg3 Rac8 32. Bd3 Ra8 33. Bc4 Re8 34. Qd3 Re7
35. Qd2 g5 36. Qc2 Qf6 37. Ng3 Rf8 38. Re1 Kh8 39. Qd2 Nc3 40. a4 Nd5 41. Qd1
Nf4 42. Nh5 Nxh5 43. Qxh5 1/2-1/2

[Event "Druga liga CS Zapad - 2017"]
[Site "Kragujevac-H"]
[Date "2017.10.06"]
[Round "?"]
[White "Grubisic, Ilija"]
[Black "Kostic, Vladimir G"]
[Result "1-0"]
[WhiteElo "2324"]
[BlackElo "2344"]
[PlyCount "97"]
[EventDate "2017.09.08"]

1. e4 e6 2. d3 d5 3. Nd2 Nf6 4. Ngf3 Nc6 5. g3 dxe4 6. dxe4 Bc5 7. Bg2 e5 8.
O-O O-O 9. Qe2 b6 10. Nb3 Bd6 11. Rd1 a5 12. c3 Ba6 13. Qc2 Qc8 14. h3 a4 15.
Nbd2 Be2 16. Re1 Bb5 17. Nf1 Qa6 18. Rd1 Bc4 19. Ne3 Bb3 20. axb3 axb3 21. Rxa6
bxc2 22. Rxd6 Rxa6 23. Rd2 Nxe4 24. Rxc2 Nd6 25. Nd2 b5 26. Nb3 Nb8 27. Nd5 Rd8
28. Nxc7 Ra7 29. Nd5 Nc4 30. Ne3 Nb6 31. Bf1 h5 32. Bxb5 Nc8 33. Be2 h4 34. g4
Ne7 35. Nf5 Ng6 36. Be3 Ra2 37. Nc1 Ra1 38. b4 Nf4 39. Bxf4 exf4 40. Kg2 g5 41.
Nd4 Nd7 42. Ncb3 Ra3 43. Nc6 Re8 44. Nbd4 Nf6 45. b5 Nd5 46. Bf3 Nb6 47. c4 Re1
48. c5 Raa1 49. Ne2 1-0

[Event "Druga liga CS Zapad - 2017"]
[Site "Kragujevac-H"]
[Date "2017.10.06"]
[Round "?"]
[White "Sandic, Vladeta"]
[Black "Cukanovic, Petar"]
[Result "1-0"]
[WhiteElo "2337"]
[BlackElo "2158"]
[PlyCount "65"]
[EventDate "2017.09.08"]

1. d4 Nf6 2. c4 e6 3. Nc3 Bb4 4. Qc2 Nc6 5. Nf3 d6 6. Bd2 Qe7 7. a3 Bxc3 8.
Bxc3 e5 9. dxe5 dxe5 10. e3 O-O 11. Be2 Re8 12. h3 e4 13. Nd4 Nxd4 14. Bxd4 c5
15. Bc3 Bf5 16. Rd1 Rad8 17. O-O Nd7 18. Rd5 Be6 19. Rd2 f5 20. Rfd1 Nb6 21. b3
Rd7 22. Rxd7 Nxd7 23. Qd2 Rf8 24. Bb2 h6 25. Bh5 g6 26. Qd6 Qf7 27. Be2 Kh7 28.
Qc7 g5 29. Qd6 Re8 30. Qg3 Rg8 31. Qd6 Re8 32. Rd2 h5 33. h4 1-0

[Event "Druga liga CS Zapad - 2017"]
[Site "Kragujevac-H"]
[Date "2017.10.06"]
[Round "?"]
[White "Nikolic, Vojkan"]
[Black "Ivanovic, Dragutin"]
[Result "1/2-1/2"]
[WhiteElo "2105"]
[BlackElo "2293"]
[PlyCount "49"]
[EventDate "2017.09.08"]

1. e4 b6 2. d4 Bb7 3. Bd3 e6 4. Nf3 Nf6 5. Qe2 d5 6. e5 Ne4 7. Nbd2 Nxd2 8.
Bxd2 Be7 9. O-O c5 10. c3 a5 11. Be3 Ba6 12. Bb5+ Bxb5 13. Qxb5+ Nd7 14. c4 O-O
15. cxd5 exd5 16. Qc6 cxd4 17. Bxd4 Nc5 18. Rfd1 Rc8 19. Qb5 Qc7 20. Bxc5 Qxc5
21. Rxd5 Qxb5 22. Rxb5 Rc2 23. Nd4 Rd2 24. Nf5 Rc2 25. Nd4 1/2-1/2

[Event "Druga liga CS Zapad - 2017"]
[Site "Kragujevac-H"]
[Date "2017.10.06"]
[Round "?"]
[White "Mladenovic, Sasa D"]
[Black "Gajic, Sladjan *"]
[Result "1/2-1/2"]
[WhiteElo "2273"]
[BlackElo "2056"]
[PlyCount "114"]
[EventDate "2017.09.08"]

1. d4 Nf6 2. Bg5 c5 3. Bxf6 exf6 4. c3 Qb6 5. Qd2 cxd4 6. cxd4 d5 7. Nc3 Be6 8.
e3 Nd7 9. Bb5 Rd8 10. Nge2 Bd6 11. O-O O-O 12. Rac1 f5 13. Bxd7 Rxd7 14. a3 Qa6
15. Qc2 Rc8 16. Qa4 Qxa4 17. Nxa4 Rdc7 18. Rxc7 Rxc7 19. Nac3 a6 20. Ra1 g5 21.
g3 Kf8 22. f4 h6 23. Nc1 f6 24. Nd3 Rc4 25. Kf2 Ke7 26. Ke2 Bf7 27. Kd2 Ke6 28.
b3 Rc6 29. Na4 b6 30. Nc3 Bh5 31. Nb4 Bxb4 32. axb4 b5 33. Rf1 Be8 34. Na2 Bd7
35. Nc1 Bc8 36. Nd3 g4 37. h3 gxh3 38. Rh1 Kf7 39. Rxh3 Kg6 40. Rh1 Rc7 41. Nc5
Ra7 42. Ke2 Re7 43. Kf3 Rc7 44. Ra1 Rc6 45. Kg2 Rb6 46. Kh3 Kh5 47. Kg2 Kg6 48.
Kf3 Kh5 49. Ke2 Kg6 50. Nd3 Rc6 51. Kd2 Rc7 52. Nc1 Kh5 53. Ne2 Kg6 54. Nc3 Bb7
55. Rc1 Kf7 56. Rh1 Kg6 57. Rh4 Kg7 1/2-1/2

[Event "Druga liga CS Zapad - 2017"]
[Site "Kragujevac-H"]
[Date "2017.10.06"]
[Round "?"]
[White "Stevcic, Slobodan"]
[Black "Vujic, Luka"]
[Result "0-1"]
[WhiteElo "2140"]
[BlackElo "2191"]
[PlyCount "80"]
[EventDate "2017.09.08"]

1. e4 e5 2. Nf3 Nc6 3. Bc4 Nf6 4. d3 Be7 5. O-O O-O 6. c3 d5 7. exd5 Nxd5 8. h3
a6 9. Bb3 Nb6 10. Qe2 Bf5 11. Nxe5 Nxe5 12. d4 Nc6 13. Bf4 Bg5 14. Be3 Na5 15.
Nd2 Nxb3 16. Nxb3 Nd5 17. Qd2 Nxe3 18. fxe3 Re8 19. Rae1 Bg6 20. Re2 Qd5 21.
Nc5 b6 22. Nd3 Qxa2 23. Ne5 Qe6 24. Rfe1 Be4 25. Qd1 Bh4 26. Rf1 Bg5 27. Kh2 a5
28. b3 Bf6 29. Nf3 b5 30. Rff2 a4 31. Rb2 b4 32. c4 a3 33. Rbd2 Bxf3 34. Rxf3
a2 35. Qa1 c5 36. Rxa2 Rxa2 37. Qxa2 cxd4 38. exd4 Bxd4 39. Rf1 Qe2 40. Qb1 f5
0-1

[Event "Druga liga CS Zapad - 2017"]
[Site "Kragujevac-H"]
[Date "2017.10.06"]
[Round "?"]
[White "Zivanovic, Bojan *"]
[Black "Jelesijevic, Srecko"]
[Result "1-0"]
[WhiteElo "2063"]
[BlackElo "1939"]
[PlyCount "65"]
[EventDate "2017.09.08"]

1. e4 Nf6 2. e5 Nd5 3. d4 d6 4. c4 Nb6 5. f4 Bf5 6. Be3 e6 7. Nc3 Nc6 8. Nf3
Be7 9. Be2 O-O 10. O-O dxe5 11. Nxe5 Nxe5 12. fxe5 f6 13. Qb3 Rb8 14. c5 fxe5
15. cxb6 exd4 16. bxc7 Qxc7 17. Bxd4 b6 18. Rxf5 Rxf5 19. Qxe6+ Rf7 20. Bc4 Bc5
21. Qxf7+ Qxf7 22. Bxf7+ Kxf7 23. Bxc5 bxc5 24. b3 Ke6 25. Kf2 c4 26. Rb1 cxb3
27. Rxb3 Rc8 28. Ke3 Rc7 29. Ne2 g6 30. Nd4+ Ke5 31. Kd3 a6 32. Ra3 Ra7 33.
Ra5+ 1-0

[Event "Druga liga CS Zapad - 2017"]
[Site "Kragujevac-H"]
[Date "2017.10.06"]
[Round "?"]
[White "Nesic, Vladimir"]
[Black "Bojic, Zoran"]
[Result "1-0"]
[WhiteElo "2021"]
[BlackElo "2089"]
[PlyCount "55"]
[EventDate "2017.09.08"]

1. e4 c5 2. Nc3 d6 3. Nf3 a6 4. d4 cxd4 5. Nxd4 Nf6 6. f3 e6 7. Bg5 Be7 8. Qd2
Qc7 9. O-O-O Nbd7 10. f4 h6 11. Bxf6 Nxf6 12. Bd3 Bd7 13. Kb1 Qb6 14. Bc4 Rc8
15. Bb3 O-O 16. h3 Rc5 17. g4 Qa5 18. Rhg1 g5 19. fxg5 hxg5 20. h4 Rfc8 21.
hxg5 Rxg5 22. Nf5 Ne8 23. Nxe7+ Kf8 24. Nxc8 Bxc8 25. Rdf1 Ke7 26. Rf5 Rxf5 27.
exf5 Qc5 28. Re1 1-0

[Event "Druga liga CS Zapad - 2017"]
[Site "Kragujevac-H"]
[Date "2017.10.06"]
[Round "?"]
[White "Danilovic, Aleksandar"]
[Black "Boskovic, Drasko"]
[Result "1/2-1/2"]
[WhiteElo "2411"]
[BlackElo "2446"]
[PlyCount "45"]
[EventDate "2017.09.08"]

1. c4 c5 2. Nc3 g6 3. g3 Bg7 4. Bg2 Nc6 5. Nf3 d6 6. O-O Nh6 7. b3 O-O 8. Bb2
Nf5 9. e3 Rb8 10. Rb1 Re8 11. Ne2 e5 12. d3 a6 13. Nd2 Qd7 14. Nc3 b6 15. Nd5
Nce7 16. Nxe7+ Qxe7 17. Ne4 Bb7 18. Nc3 Bxg2 19. Kxg2 Qb7+ 20. Qf3 Ne7 21. Rfd1
Red8 22. Qxb7 Rxb7 23. Rbc1 1/2-1/2

[Event "Druga liga CS Zapad - 2017"]
[Site "Kragujevac-H"]
[Date "2017.10.06"]
[Round "?"]
[White "Misailovic, Nebojsa"]
[Black "Vuckovic, Branko"]
[Result "1-0"]
[WhiteElo "2368"]
[BlackElo "2260"]
[PlyCount "99"]
[EventDate "2017.09.08"]

1. e4 Nf6 2. Nc3 d5 3. exd5 Nxd5 4. Bc4 Nb6 5. Bb3 Nc6 6. Nf3 Bf5 7. d4 e6 8.
O-O Be7 9. d5 exd5 10. Nxd5 Nxd5 11. Bxd5 Nb4 12. Bxb7 Qxd1 13. Rxd1 Rb8 14.
Nd4 Bxc2 15. Rd2 Bg6 16. Bc6+ Kf8 17. a3 Nd3 18. Re2 Bf6 19. Nb5 Nxc1 20. Rxc1
Bd3 21. Re3 Bg5 22. Rxd3 Bxc1 23. b4 g6 24. Rc3 Bb2 25. Rb3 Rd8 26. g3 Bd4 27.
Nxc7 Rc8 28. Nb5 Be5 29. Bf3 a6 30. Na7 Rc2 31. Nc6 Bc3 32. Be4 Rc1+ 33. Kg2
Kg7 34. Bd3 Ra8 35. Na5 Bd4 36. Nb7 Ra7 37. Na5 f5 38. h3 Rac7 39. Bxa6 R1c2
40. Rf3 R7c3 41. Rxc3 Rxf2+ 42. Kh1 Bxc3 43. Nc4 Be1 44. b5 Rf3 45. b6 Bxg3 46.
Kg2 Rb3 47. a4 Kf6 48. a5 Be1 49. Bb5 Rxb5 50. a6 1-0

[Event "Druga liga CS Zapad - 2017"]
[Site "Kragujevac-H"]
[Date "2017.10.06"]
[Round "?"]
[White "Bugarcic, Ivan"]
[Black "Vlatkovic, Sinisa"]
[Result "0-1"]
[WhiteElo "2150"]
[BlackElo "2254"]
[PlyCount "47"]
[EventDate "2017.09.08"]

1. g3 e5 2. Bg2 Nf6 3. c4 c6 4. d3 d6 5. Nf3 g6 6. b3 Bg7 7. Bb2 O-O 8. Nbd2
Ng4 9. Qc2 c5 10. h3 Nh6 11. e3 Nc6 12. a3 Rb8 13. h4 Ng4 14. h5 b5 15. Nh2 Ne7
16. Nxg4 Bxg4 17. f3 Be6 18. hxg6 hxg6 19. Bh3 Qd7 20. Bxe6 Qxe6 21. Ne4 a6 22.
f4 exf4 23. gxf4 Nf5 24. Kf2 0-1

[Event "Druga liga CS Zapad - 2017"]
[Site "Kragujevac-H"]
[Date "2017.10.06"]
[Round "?"]
[White "Pecinar, Zoran"]
[Black "Naskovic, Filip"]
[Result "0-1"]
[WhiteElo "2158"]
[BlackElo "2201"]
[PlyCount "48"]
[EventDate "2017.09.08"]

1. Nf3 Nf6 2. c4 e6 3. g3 d5 4. Bg2 Be7 5. O-O d4 6. d3 c5 7. Na3 Nc6 8. Rb1 e5
9. Nc2 h6 10. a3 a5 11. Bd2 a4 12. b4 axb3 13. Rxb3 Qc7 14. Qb1 O-O 15. Rb5 Nd8
16. Qa2 Bd7 17. Rb2 Bd6 18. Rfb1 e4 19. Nfe1 Re8 20. e3 Bg4 21. Rb3 Be5 22.
dxe4 Nxe4 23. Rd1 Nc6 24. Nd3 Bf4 0-1

[Event "Druga liga CS Zapad - 2017"]
[Site "Kragujevac-H"]
[Date "2017.10.06"]
[Round "?"]
[White "Kolarevic, Darko"]
[Black "Knezevic, Veljko **"]
[Result "1/2-1/2"]
[WhiteElo "2182"]
[BlackElo "2105"]
[PlyCount "36"]
[EventDate "2017.09.08"]

1. d4 d5 2. c4 c6 3. Nf3 Nf6 4. Nc3 dxc4 5. a4 Bf5 6. e3 e6 7. Bxc4 Bb4 8. O-O
Nbd7 9. Qe2 O-O 10. e4 Bg6 11. e5 Nd5 12. Nxd5 cxd5 13. Bd3 Rc8 14. Bxg6 hxg6
15. h4 Be7 16. g3 Qb6 17. Be3 Rc4 18. Kg2 Rfc8 1/2-1/2

[Event "Druga liga CS Zapad - 2017"]
[Site "Kragujevac-H"]
[Date "2017.10.06"]
[Round "?"]
[White "Zivanic, Slobodan"]
[Black "Gavrilovic, Vladan"]
[Result "1/2-1/2"]
[WhiteElo "2095"]
[BlackElo "2199"]
[PlyCount "55"]
[EventDate "2017.09.08"]

1. e4 d5 2. exd5 Qxd5 3. Nc3 Qd6 4. Nf3 c6 5. h3 Nf6 6. d4 h6 7. Bd3 e6 8. Ne4
Nxe4 9. Bxe4 Nd7 10. c3 Nf6 11. Bc2 Qc7 12. O-O Bd6 13. c4 b6 14. Qe2 Bb7 15.
b3 O-O 16. Bb2 Rfe8 17. Rfe1 Nh7 18. Rad1 Rad8 19. Qd3 Nf8 20. Qc3 Be7 21. Ne5
Bf6 22. Ng4 Qe7 23. Nxf6+ Qxf6 24. Re3 c5 25. dxc5 Qxc3 26. Bxc3 bxc5 27. Rde1
f6 28. f4 1/2-1/2

[Event "Druga liga CS Zapad - 2017"]
[Site "Kragujevac-H"]
[Date "2017.10.06"]
[Round "?"]
[White "Jovic, Slavko *"]
[Black "Cvijovic, Marko *"]
[Result "1-0"]
[WhiteElo "1932"]
[BlackElo "1535"]
[PlyCount "106"]
[EventDate "2017.09.08"]

1. e4 c6 2. d4 d5 3. exd5 cxd5 4. Nf3 Nf6 5. Bd3 g6 6. O-O Bg7 7. Re1 O-O 8.
Bf4 Nc6 9. c3 Re8 10. h3 e6 11. Nbd2 b6 12. Bg5 Qc7 13. Qc2 Bb7 14. Nf1 Rac8
15. Rac1 Nd7 16. Re2 e5 17. dxe5 Ndxe5 18. Nxe5 Nxe5 19. Bb5 Nc6 20. Rxe8+ Rxe8
21. Qd2 Qe5 22. Bf4 Qe6 23. Be3 a6 24. Bxc6 Qxc6 25. f3 Bf8 26. Bd4 Qc4 27. Re1
Rxe1 28. Qxe1 Qc7 29. Qe3 b5 30. Nd2 Qe7 31. Qxe7 Bxe7 32. Nb3 Kf8 33. Bc5 Bc8
34. Kf2 Ke8 35. Bxe7 Kxe7 36. Ke3 Kd6 37. Kd4 f6 38. h4 Bf5 39. Nc5 Bc8 40. Nd3
h6 41. g3 g5 42. Nb4 Bb7 43. hxg5 hxg5 44. Nd3 Bc8 45. b3 Bd7 46. a3 Bc8 47.
Nc5 Kc6 48. Nd3 Kd6 49. Nf2 Kc6 50. Nd1 Kd6 51. Ne3 Be6 52. f4 Kc6 53. Nf1 Bf7
1-0

[Event "Druga liga CS Zapad - 2017"]
[Site "Kragujevac-H"]
[Date "2017.10.06"]
[Round "7.4"]
[White "Vasic, Vladimir"]
[Black "Todorovic, Jovan"]
[Result "1/2-1/2"]
[WhiteElo "2193"]
[BlackElo "2377"]
[PlyCount "72"]
[EventDate "2017.09.08"]

1. e4 c5 2. Nf3 Nc6 3. d4 cxd4 4. Nxd4 Nf6 5. Nc3 d6 6. Be2 g6 7. Be3 Bg7 8. h3
O-O 9. Qd2 Bd7 10. O-O Rc8 11. Nxc6 Bxc6 12. Bf3 Re8 13. Bd4 Qa5 14. Rad1 a6
15. Rfe1 Nd7 16. Bxg7 Kxg7 17. Bg4 Rc7 18. Bxd7 Rxd7 19. Nd5 Qxd2 20. Rxd2 Bxd5
21. Rxd5 Rc7 22. c3 f6 23. Red1 Rec8 24. f3 Kf7 25. Kf2 Rc5 26. Ke3 Ke6 27.
R1d2 Rc4 28. R2d4 R4c6 29. Rb4 R8c7 30. Rdd4 Kd7 31. Rd2 Rc5 32. Rbd4 Rc4 33.
Rxc4 Rxc4 34. Rd4 Rc5 35. Rd5 Rc8 36. Rd4 Rc5 1/2-1/2

[Event "Druga liga CS Zapad - 2017"]
[Site "Kragujevac-H"]
[Date "2017.10.06"]
[Round "7.4"]
[White "Rajkovic, Mladen **"]
[Black "Dimitrijevic, Milorad"]
[Result "1/2-1/2"]
[WhiteElo "2295"]
[BlackElo "2201"]
[PlyCount "180"]
[EventDate "2017.09.08"]

1. e4 e5 2. Nf3 Nc6 3. Bc4 Be7 4. d4 d6 5. O-O Nf6 6. Re1 O-O 7. h3 a6 8. a4 h6
9. Nc3 Re8 10. b3 b6 11. Ba3 Bb7 12. Nd5 Nxd4 13. Nxd4 exd4 14. Nxe7+ Rxe7 15.
Qxd4 Rxe4 16. Rxe4 Bxe4 17. Re1 d5 18. Bf1 c5 19. Qd2 Qd7 20. Bb2 Qf5 21. Bxf6
Qxf6 22. f3 Bg6 23. Qxd5 Rd8 24. Qc4 Qd4+ 25. Qxd4 cxd4 26. Re2 Rc8 27. Rd2
Bxc2 28. Bxa6 Rc3 29. Rxd4 Bxb3 30. Bb5 Re3 31. Rb4 Be6 32. Kf2 Ra3 33. Rd4 Kf8
34. Rd8+ Ke7 35. Rb8 Bb3 36. Rb7+ Kd8 37. Kg3 Ra2 38. Rxb6 Bxa4 39. Bc4 Rd2 40.
Bxf7 Ke7 41. Bc4 Bd7 42. Rg6 Kf8 43. h4 Be8 44. Ra6 Ke7 45. Re6+ Kf8 46. Re5
Bd7 47. Re4 Be8 48. Kh3 Bd7+ 49. g4 Rd6 50. Kg3 Bc6 51. Re3 Rd4 52. Be6 Bd7 53.
Bb3 Bb5 54. Bc2 Kf7 55. Rb3 Bc6 56. Rb6 Bd5 57. Bg6+ Ke7 58. Bf5 Ra4 59. Rg6
Kf8 60. Rd6 Ba8 61. g5 hxg5 62. hxg5 Ra3 63. Bg4 Kf7 64. g6+ Ke7 65. Re6+ Kf8
66. Re5 Ra6 67. Bf5 Bc6 68. Kg4 Ra4+ 69. Be4 Bd7+ 70. Kg5 Ra1 71. Rd5 Ke7 72.
Re5+ Kf8 73. Bf5 Bc6 74. Bg4 Rb1 75. Rf5+ Ke8 76. Rf7 Rb7 77. Rf4 Rb5+ 78. Bf5
Ra5 79. Kg4 Ra3 80. Be4 Bd7+ 81. Kg3 Be6 82. Bf5 Bxf5 83. Rxf5 Ra6 84. Re5+ Kd7
85. Rg5 Ke6 86. f4 Kf6 87. Kf3 Ra3+ 88. Kg4 Ra1 89. Rb5 Rg1+ 90. Kf3 Kxg6
1/2-1/2

[Event "Druga liga CS Zapad - 2017"]
[Site "Kragujevac-H"]
[Date "2017.10.06"]
[Round "7.4"]
[White "Dolovic, Dusko"]
[Black "Colovic, Dusan"]
[Result "0-1"]
[WhiteElo "2239"]
[BlackElo "2277"]
[PlyCount "80"]
[EventDate "2017.09.08"]

1. d4 d6 2. e4 g6 3. Nf3 a6 4. a4 Bg7 5. g3 Nf6 6. Nc3 O-O 7. Bg2 Nc6 8. O-O e5
9. dxe5 dxe5 10. Qxd8 Rxd8 11. Bg5 Nb4 12. Rfd1 Be6 13. Ne1 c6 14. Be3 Bf8 15.
a5 c5 16. h3 h6 17. Na4 Rxd1 18. Rxd1 Nd7 19. f4 Rb8 20. Rd2 Nc6 21. g4 exf4
22. Bxf4 Re8 23. Bc7 Rc8 24. Bb6 Nce5 25. Nd3 Nc4 26. Re2 Ncxb6 27. axb6 c4 28.
Nf4 Nxb6 29. Nxb6 Bc5+ 30. Kf1 Bxb6 31. Nxe6 fxe6 32. Rd2 c3 33. bxc3 Rxc3 34.
e5 Bc7 35. Bxb7 a5 36. Bc8 Kf7 37. Rd7+ Kf8 38. Rh7 Bxe5 39. Bxe6 Bg7 40. h4
Rxc2 0-1

[Event "Druga liga CS Zapad - 2017"]
[Site "Kragujevac-H"]
[Date "2017.10.06"]
[Round "7.4"]
[White "Ravic, Nenad"]
[Black "Bezarevic, Branko"]
[Result "1-0"]
[WhiteElo "2288"]
[BlackElo "2200"]
[PlyCount "47"]
[EventDate "2017.09.08"]

1. e4 c5 2. Nf3 d6 3. d4 cxd4 4. Nxd4 Nf6 5. Nc3 a6 6. Bc4 e6 7. Bb3 Nbd7 8.
Bg5 Nc5 9. f4 Be7 10. Qf3 O-O 11. O-O-O Qc7 12. Rhe1 Re8 13. Kb1 h6 14. h4 b5
15. g4 b4 16. Na4 Bd7 17. Nxc5 Qxc5 18. f5 Bd8 19. fxe6 fxe6 20. Be3 Qa5 21. g5
Nh7 22. gxh6 Bf6 23. hxg7 Rac8 24. Nf5 1-0

[Event "Druga liga CS Zapad - 2017"]
[Site "Kragujevac-H"]
[Date "2017.10.06"]
[Round "7.4"]
[White "Jelisavcic, Srdjan"]
[Black "Jevdjovic, Milorad"]
[Result "1/2-1/2"]
[WhiteElo "2078"]
[BlackElo "2238"]
[PlyCount "49"]
[EventDate "2017.09.08"]

1. d4 Nf6 2. Nf3 g6 3. c3 Bg7 4. Bg5 O-O 5. e3 d6 6. Be2 Nbd7 7. O-O c5 8. Nbd2
Qc7 9. e4 e5 10. d5 h6 11. Bh4 g5 12. Bg3 Nh5 13. Ne1 Nf4 14. Bg4 b5 15. Bf5
Nb6 16. Bxf4 exf4 17. Bxc8 Raxc8 18. Qc2 Qe7 19. Nd3 Nd7 20. Rfe1 a5 21. c4 b4
22. Rab1 Ra8 23. a4 Rfe8 24. h3 Ne5 25. Nxe5 1/2-1/2

[Event "Druga liga CS Zapad - 2017"]
[Site "Kragujevac-H"]
[Date "2017.10.06"]
[Round "7.4"]
[White "Baralic, Nebojsa"]
[Black "Djokic, Mihailo **"]
[Result "1-0"]
[WhiteElo "2235"]
[BlackElo "1991"]
[PlyCount "131"]
[EventDate "2017.09.08"]

1. c4 Nf6 2. Nc3 g6 3. Nf3 Bg7 4. g3 O-O 5. Bg2 d6 6. O-O Nc6 7. d4 a6 8. b3 e5
9. Bb2 Re8 10. e3 Bd7 11. a3 Qc8 12. Re1 Bg4 13. d5 Ne7 14. Qc2 h6 15. Nd2 Rb8
16. b4 c6 17. dxc6 bxc6 18. Rec1 d5 19. Na4 Nd7 20. cxd5 cxd5 21. Qd3 Qb7 22.
Nb3 e4 23. Qd2 Bxb2 24. Qxb2 Nc6 25. Bf1 Qa8 26. Nac5 Nxc5 27. Nxc5 a5 28. Qf6
Ne5 29. b5 d4 30. h3 Bc8 31. exd4 Nf3+ 32. Kh1 Be6 33. a4 Bd5 34. Bg2 e3 35.
Nd7 Nxd4 36. Qxd4 Bxg2+ 37. Kh2 Rbd8 38. Nf6+ Kf8 39. Qc5+ Re7 40. Ng8 Kxg8 41.
Qxe7 exf2 42. Rc7 Rf8 43. Qf6 f1=Q 44. Rxf1 Bxf1 45. Qxf1 Qd5 46. Qc1 Kh7 47.
Rc5 Qe4 48. Qc2 Qe1 49. Rc7 Qf1 50. Qa2 Kg8 51. Rc2 Qf6 52. Qb2 Qb6 53. Rc6 Qe3
54. b6 Rd8 55. Rc2 Kh7 56. b7 Qe8 57. Re2 Qh8 58. Qb6 Rb8 59. Re7 Qf8 60. Qf6
Kg8 61. Rc7 Qe8 62. h4 h5 63. Kh3 Kf8 64. Qc6 Rd8 65. Rc8 Kg7 66. b8=Q 1-0

[Event "Druga liga CS Zapad - 2017"]
[Site "Kragujevac-H"]
[Date "2017.10.06"]
[Round "7.4"]
[White "Ilic, Milenko"]
[Black "Baralic, Milan"]
[Result "0-1"]
[WhiteElo "1859"]
[BlackElo "2152"]
[PlyCount "104"]
[EventDate "2017.09.08"]

1. e4 c5 2. Nf3 Nc6 3. d4 cxd4 4. Nxd4 g6 5. c4 Nf6 6. Nc3 Nxd4 7. Qxd4 d6 8.
Be2 Bg7 9. Be3 O-O 10. Qd2 Be6 11. Rc1 Qa5 12. O-O Rfc8 13. b3 a6 14. f3 b5 15.
Nd5 Qxd2 16. Bxd2 Nxd5 17. cxd5 Bd4+ 18. Kh1 Bd7 19. Rxc8+ Rxc8 20. Rc1 Rxc1+
21. Bxc1 f5 22. g4 Kf7 23. Kg2 Kf6 24. gxf5 gxf5 25. Bf4 a5 26. Bd3 Be5 27. Bd2
b4 28. Be3 fxe4 29. fxe4 a4 30. h4 axb3 31. axb3 Kg7 32. Bc4 Bc3 33. Bg5 Bf6
34. Bd2 Bc3 35. Bg5 Kf7 36. Kf3 Bh3 37. Bf4 Be1 38. h5 Kf6 39. Bg3 Bxg3 40.
Kxg3 Bd7 41. Kf4 h6 42. Be2 Be8 43. Bd1 Bb5 44. Bc2 Be2 45. Ke3 Bxh5 46. Kf4
Bf7 47. Bd1 e6 48. dxe6 Bxe6 49. Bc2 h5 50. Bd1 h4 51. Bc2 h3 52. Kg3 Ke5 0-1

[Event "Druga liga CS Zapad - 2017"]
[Site "Kragujevac-H"]
[Date "2017.10.06"]
[Round "7.4"]
[White "Mijatovic, Dusan **"]
[Black "Lazovic, Luka **"]
[Result "1/2-1/2"]
[WhiteElo "1962"]
[BlackElo "1840"]
[PlyCount "67"]
[EventDate "2017.09.08"]

1. e4 c6 2. d4 d5 3. e5 c5 4. dxc5 e6 5. a3 Qc7 6. Nf3 Nc6 7. Bb5 Bxc5 8. O-O
Nge7 9. b4 Bb6 10. Bb2 O-O 11. Bd3 Ng6 12. Bxg6 fxg6 13. Nbd2 Rd8 14. Qe2 Qf7
15. c4 h6 16. cxd5 Rxd5 17. Nc4 Bc7 18. Rfd1 a6 19. Rxd5 exd5 20. Ncd2 g5 21.
Nb3 Bg4 22. Nc5 Re8 23. Nd3 Bb6 24. Re1 Bxf3 25. Qxf3 Qxf3 26. gxf3 Bd4 27.
Bxd4 Nxd4 28. Kg2 Ne6 29. Nc5 Nxc5 30. bxc5 Kf7 31. Rb1 Re7 32. Rb6 Rc7 33. Kf1
Ke7 34. Ke2 1/2-1/2

[Event "Druga liga CS Zapad - 2017"]
[Site "Kragujevac-H"]
[Date "2017.10.06"]
[Round "7.5"]
[White "Toth, Aleksandar"]
[Black "Irizanin, Radoje"]
[Result "1/2-1/2"]
[WhiteElo "2357"]
[BlackElo "2366"]
[PlyCount "27"]
[EventDate "2017.09.08"]

1. e4 Nf6 2. e5 Nd5 3. d4 d6 4. c4 Nb6 5. exd6 exd6 6. Nc3 Be7 7. Bd3 O-O 8.
Nge2 Nc6 9. O-O Bf6 10. Be3 Nb4 11. b3 Nxd3 12. Qxd3 c6 13. a4 Re8 14. a5
1/2-1/2

[Event "Druga liga CS Zapad - 2017"]
[Site "Kragujevac-H"]
[Date "2017.10.06"]
[Round "7.5"]
[White "Jovanovic, Miroslav O"]
[Black "Gavrilovic, Leonardo"]
[Result "1/2-1/2"]
[WhiteElo "2091"]
[BlackElo "2227"]
[PlyCount "136"]
[EventDate "2017.09.08"]

1. d4 Nf6 2. c4 e6 3. Nf3 b6 4. g3 Bb7 5. Bg2 Be7 6. O-O O-O 7. Nc3 d5 8. Ne5
c5 9. Bg5 h6 10. Bf4 cxd4 11. Qxd4 g5 12. Bc1 Bc5 13. Qd1 Nc6 14. Nxc6 Bxc6 15.
b3 Rc8 16. cxd5 exd5 17. Qd3 d4 18. Ne4 Bxe4 19. Bxe4 Nxe4 20. Qxe4 Re8 21. Qd3
Qe7 22. Re1 Bb4 23. Bd2 Bxd2 24. Qxd2 Qe4 25. Rac1 Rxc1 26. Qxc1 d3 27. e3 Re6
28. Qc8+ Kg7 29. Qc3+ Kg6 30. Rd1 Rd6 31. a3 g4 32. b4 b5 33. Qc5 Rd5 34. Qc6+
Kg7 35. Qc3+ Kh7 36. Qf6 Qf3 37. Qa1 d2 38. Qb1+ Kg8 39. Qc2 Qe2 40. Qc8+ Kh7
41. Qc2+ Rd3 42. Kg2 Kg7 43. h4 Rxe3 44. Qxd2 Qf3+ 45. Kg1 Rxa3 46. Qd4+ Kh7
47. Re1 Rb3 48. Qc5 a6 49. Qc2+ Kg7 50. Qc5 Qc3 51. Rc1 Qxc5 52. bxc5 Rd3 53.
c6 Rd8 54. c7 Rc8 55. Rc6 a5 56. Kf1 a4 57. Rc5 a3 58. Rxb5 Rxc7 59. Ra5 Rc1+
60. Ke2 Ra1 61. Ke3 h5 62. Kf4 Rf1 63. Kg5 Rxf2 64. Kxh5 f5 65. Kg5 f4 66. Rxa3
fxg3 67. Rxg3 Ra2 68. Kxg4 Kg6 1/2-1/2